Score 0/7 Timer 03:00
0 Plays Today
Question Answer Wrong Answers
The original version of this game show, which involves contestants guessing the prices of various merchandise items, debuts on NBC.
1956
The Price Is Right
93.3%
Let’s Make A Deal
3.4%
The $100,000 Pyramid
0.6%
Beat the Clock
0.8%
Howard Carter and Lord Carnarvon become the first people to enter the tomb of Pharaoh ______ in over 3,000 years.
1922
Tutankhamun
92%
Nefertiti
1.7%
Akhenaten
0.7%
Ramesses II
4.4%
This private Catholic university located near the city of South Bend, Indiana, is founded. It is known today for recognizable landmarks such as the Golden Dome and ‘Touchdown Jesus’.
1842
University of Notre Dame
90.2%
Northwestern University
3.4%
Vanderbilt University
3.9%
Gonzaga University
2.2%
This American-Swiss singer-songwriter, dancer, and actress, known for hits like ‘What's Love Got to Do with It’ and ‘Typical Male’, is born.
1939
Tina Turner
84.2%
Cher
4.4%
Whitney Houston
4.6%
Diana Ross
5.1%
Written by Charles Lutwidge Dodgson under this pseudonym, ‘Alice's Adventures in Wonderland’ is first published in America.
1865
Lewis Carroll
81.4%
C. S. Lewis
15.2%
Robert Louis Stevenson
1.5%
Arthur Conan Doyle
1.1%
At the request of Congress, a national ______ is observed in the United States, as proclaimed by President George Washington.
1789
Thanksgiving Day
66.5%
Daylight Saving Time
1.7%
Day of Prayer
26.9%
Armed Forces Day
4.9%
The Soviet Army shells the Russian village of Mainila and claims that the fire originated from Finland, an event used to justify the start of the ______ War four days later.
1939
Winter
59.1%
Northern
21.7%
Frozen
10.3%
Ice
7.5%
Remove Ads.
Support Sporcle.
Get the best of Sporcle when you Go Orange. This ad-free experience offers more features, more stats, and more fun while also helping to support Sporcle. Thank you for becoming a member.

You're not logged in!

Compare scores with friends on all Sporcle quizzes.
OR
Log In

Show Comments

Extras

Top Quizzes Today


Score Distribution

Your Account Isn't Verified!

In order to create a playlist on Sporcle, you need to verify the email address you used during registration. Go to your Sporcle Settings to finish the process.

Report this User

Report this user for behavior that violates our Community Guidelines.

Details: